000 00611nam a2200241Ia 4500
005 20260320201147.0
008 008 262003s9999 xx 000 0 eng d
037 _aEBOOK
040 _aCRL
040 _beng
040 _cCRL
041 _2eng
041 _aeng
084 _qCRL
100 _aTetlow
_91134371
245 4 _aThe Web's Awake: An Introduction to the Field of Web Science and the Concept of Web Life
260 _bIEEE
260 _c2007
856 _uhttps://ieeexplore.ieee.org/servlet/opac?bknumber=5201505
942 _cEBOOK
999 _c1719299
_d1719299